00473 2200193 4500001002100000008004100021035002000062245002100082100001200103260003300115300001800148020001800166082001600184650002700200990001300227990001300240990001300253990001300266INLIS000000000000212 ind  a0010-0423000212 aKALAU TAK UNTUNG aSELASIH aJAKARTAbBALAI PUSTAKAc1990 a156 hlm.ccm. a979-407-086-6 a398.297 287 aCERITA RAKYAT - PANAMA a101527-2 a101527-1 a101527-2 a101527-1